00274nam a2200097Ia 4500001000800000005001700008008004100025020001800066245007000084260002200154127669520260417160452.0260417s9999 xx 000 0 und d a9786052857267 0aArkadaş Canlısı - İyi Düşün, Anton!cMeike Haberstock bTudem Yayınları